| 000 | 00723cam a2200241 a 4500 | ||
|---|---|---|---|
| 008 | |||
| 020 | _a0078288819 (pbk.) | ||
| 049 | _aMAIN | ||
| 090 |
_aTK9901 _bFOW |
||
| 100 | 1 | _aFowler, Richard J. | |
| 245 | 1 | 0 |
_aExperiments manual for electricity : _bprinciples and applications / _cRichard J. Fowler. |
| 250 | _a6th ed. | ||
| 260 |
_aNew York : _bGlencoe/McGraw-Hill, _cc2003. |
||
| 300 |
_ax, 222 p. : _bill. ; _c28 cm. |
||
| 650 | _aElectricity experiments manual. | ||
| 650 | _aElectricity experiments. | ||
| 650 | 0 | _aElectricity. | |
| 907 |
_a.b10288107 _b17-04-12 _c25-11-10 |
||
| 003 | |||
| 005 | 20230123125424.0 | ||
| 040 | _cNUST | ||
| 942 |
_cBOOKS _kTK9901 _mFOW |
||
| 999 |
_c141244 _d141244 |
||